|
|
|
|
| LEADER |
01765nam a2200409 a 4500 |
| 001 |
000000855 |
| 005 |
20140714145950.0 |
| 008 |
050727s1872 xo e hun |
| FMT |
|
|
|
| 040 |
|
|
|a SVKKK
|b slo
|c SVKKK
|e AACR2
|
| 041 |
0 |
|
|a hun
|
| 044 |
|
|
|a xo
|c SK
|
| 080 |
|
|
|a 894.511-1
|
| 080 |
|
|
|a 92 Schopper, J.
|
| 130 |
0 |
|
|a Örömdal
|
| 245 |
0 |
0 |
|a Örömdal, :
|b Melyet Méltóságos És Főtisztelendő Schopper György Rozsnyói Püspök Úrnak A Bölcsészet És Hittudományok Koszorúzott Tudorának, A Pesti Egyetem S A Bécsi Pázmáneum Kiérdeműlt Igazgatójának, Midőn Püspöki Székébe Beiktattatott Legmélyebb Tisztelete Jeléűl Nyujta A Premontreiek Társháza 1872. Julius 14.
|
| 260 |
|
|
|a Rozsynón :
|b Nyomatott Kovács Mihály könyvnyomdájában,
|c 1872
|
| 300 |
|
|
|a [4] s.
|c 2°. 33x24,5 cm
|
| 500 |
|
|
|a Bez titl. listu, údaje čerpané z pred. a zad. obálky.
|
| 500 |
|
|
|a Inic. s ornam. pozadím vo voľ. priestore na 1 r., typograf. ozdoba.
|
| 510 |
4 |
|
|a Podmanická II/677.
|
| 561 |
|
|
|a Peč.: Štátna vedecká knižnica v Košiciach. Rkp.: Szaláncy St.
|
| 563 |
|
|
|a Brož., svetlomodrý papier, na pred. obálke červená rámcová ornam.-link. výzd. a názov, na zad. obálke v červenom ornam. ráme impresum.
|
| 600 |
1 |
4 |
|a Schopper, Juraj,
|d 1819-1895,
|x biskup rožňavský
|
| 653 |
1 |
|
|a oslavné básne
|
| 653 |
1 |
|
|a maďarská literatúra
|
| 700 |
1 |
|
|a Kováč, Michal
|4 prt
|
| 700 |
1 |
|
|a Schopper, Juraj,
|d 1819-1895
|4 hnr
|
| 700 |
1 |
|
|a Szalánczy, Štefan
|d 1816-
|4 sgn
|
| 710 |
0 |
|
|a Kováč, Michal
|c Rožňava
|d 1864-1909
|4 prt
|
| 752 |
|
|
|a Slovensko
|d Rožňava
|
| 852 |
|
|
|p V.84310
|
| 904 |
|
|
|a ac--y------------aaya-0001--
|
| 905 |
|
|
|a g--a0dd-
|
| 910 |
|
|
|a svkkk
|
| 998 |
|
|
|a MALETL
|
| BAS |
|
|
|